Porovnanie daňového systému vybranej krajiny OECD s daňovým systémom SR diplomová práca

Salvato in:
Dettagli Bibliografici
Autore principale: Vantuchová, Lenka
Ente Autore: Národohospodárska fakulta EU. Katedra financií
Altri autori: Geško, Martin
Natura: Libro
Lingua:slovacco
Pubblicazione: Bratislava 2012
Tags: Aggiungi Tag
Nessun Tag, puoi essere il primo ad aggiungerne!!

MARC

LEADER 00000nbm a2200000 4500
001 0152109
005 20161109102011.0
041 0 |a slo 
044 |a SK 
245 1 0 |a Porovnanie daňového systému vybranej krajiny OECD s daňovým systémom SR  |b diplomová práca  |c Lenka Vantuchová ; školiteľ: Martin Geško 
264 1 |a Bratislava  |c 2012 
300 |a 60 s. 
100 1 |a Vantuchová, Lenka 
700 1 |a Geško, Martin 
710 2 |a Národohospodárska fakulta EU. Katedra financií